| 000 | 01054cam a2200277 a 4500 | ||
|---|---|---|---|
| 999 |
_c11194 _d11194 |
||
| 001 | 15296213 | ||
| 003 | OSt | ||
| 005 | 20191221131520.0 | ||
| 008 | 080519s2009 nyua b 001 0 eng | ||
| 010 | _a 2008020299 | ||
| 020 | _a9780415772921 (softcover) | ||
| 035 |
_a(OCoLC)228427236 _z(OCoLC)225819939 _z(OCoLC)225819944 |
||
| 040 |
_aDLC _coclc _dDLC |
||
| 082 | 0 | 0 |
_a330.09 _222 _bRIM/D |
| 100 |
_aRima, Ingrid _9628 |
||
| 245 | 1 | 0 |
_aDevelopment Of Economic Analysis / _cIngrid Rima |
| 250 | _a7th ed. | ||
| 260 |
_aNew York, NY : _bRoutledge, _c2009. |
||
| 300 | _a606 p | ||
| 504 | _aIncludes bibliographical references and index. | ||
| 650 | 0 |
_aEconomics _xHistory. |
|
| 856 | 4 | 1 |
_3Table of contents only _uhttp://www.loc.gov/catdir/toc/ecip0818/2008020299.html |
| 906 |
_a7 _bcbc _corignew _d1 _eecip _f20 _gy-gencatlg |
||
| 942 |
_2ddc _cBK _h330.09 _iRIM/D _k330.09 _mRIM/D |
||